| 000 | 01004nam a22002417a 4500 | ||
|---|---|---|---|
| 999 |
_c161995 _d161995 |
||
| 005 | 20190302171106.0 | ||
| 008 | 190302b ||||| |||| 00| 0 eng d | ||
| 010 | _aB-713165 | ||
| 020 |
_a9780141012117 _c499.00 |
||
| 035 | _aB-713165 | ||
| 037 | _bAksharesh Enterprises | ||
| 040 |
_adpl _ben |
||
| 050 | _a305.954 | ||
| 082 | _a305.954 | ||
| 100 | _aSen, Amartya | ||
| 245 |
_aThe argumentative Indian: _bwritings on Indian culture,history and identity/ _cby Amartya Sen |
||
| 260 |
_aLondon _bPenguine Books _c2006 |
||
| 270 |
_a80 Strand,WC2R, ORL, _bLondon(England) |
||
| 300 |
_a409p _c20cm(pbk) |
||
| 500 | _aincludes index | ||
| 942 |
_2ddc _cEN _h305.954 _mSEN |
||